000 00822nam a22002417a 4500
003 UA-OsUOA
001 24721
007 ta
008 20040301b un ||||| |||| 00| 0 ukr d
090 _a340.134(082)
_bК65
942 _cBK
040 _aUA-OsUOA
_bukr
_cUA-OsUOA
_dUA-OsUOA
245 _aКонституція України - основа подальшого розвитку законодавства
_bзбірник наукових праць
_cРед. Кравчук М.Т.
300 _a320 с.
955 _a1
041 _aukr
080 _a340.134(082)
020 _a966-7024-11-3
260 _aК.
_bКнига
_c1997
044 _aUA
650 7 _a340 Право в цілому. Пропедевтика. Методи та допоміжні правничі науки
_2UDC
999 _c311003
_d311003